| 000 | 01208 a2200241 4500 | ||
|---|---|---|---|
| 003 | Nust | ||
| 005 | 20221013131013.0 | ||
| 010 | _a 2002070166 | ||
| 020 | _a8120324641 | ||
| 040 | _cNust | ||
| 082 | 0 | 0 | _a573.8,ELI |
| 100 | 1 |
_aEliasmith, Chris. _9100155 |
|
| 245 | 1 | 0 |
_aNeural engineering : _bcomputation, representation, and dynamics in neurobiological systems / _cChris Eliasmith and Charles H. Anderson. |
| 260 |
_aCambridge, Mass. : _bMIT Press, _cc2003. |
||
| 300 |
_axii, 356 p. : _bill. ; _c24 cm. |
||
| 440 | 0 |
_aComputational neuroscience _981284 |
|
| 505 | _aOf Neurons and Engineers (Page-1), Representation in Populations of Neurons (Page-29), Extending Population Representation (Page-61), Temporal Representation in Spiking Neurons (Page-81), Population-Temporal Representation (Page-129), Feed-Forward Transformations (Page-143), Analyzing Representation and Transformation (Page-185), Dynamic Transformations (Page-221), Statistical Inference and Learning (Page-275). | ||
| 650 | 0 |
_aComputational neuroscience. _981287 |
|
| 650 | 0 |
_aNeural networks (Computer science) _918586 |
|
| 650 | 0 |
_aNeural networks (Neurobiology) _981289 |
|
| 700 | 1 |
_aAnderson, C. H. _9100156 |
|
| 942 |
_2ddc _cBK |
||
| 999 |
_c182631 _d182631 |
||